City of bones : (Record no. 599800)

000 -LEADER
fixed length control field 00365nam a2200133Ia 4500
008 - FIXED-LENGTH DATA ELEMENTS--GENERAL INFORMATION
fixed length control field 230907s9999||||xx |||||||||||||| ||und||
082 ## - DEWEY DECIMAL CLASSIFICATION NUMBER
Classification number 813.54
Author Mark CON
100 ## - MAIN ENTRY--PERSONAL NAME
Personal name Connelly, Michael,
9 (RLIN) 115825
245 #0 - TITLE STATEMENT
Title City of bones :
260 ## - PUBLICATION, DISTRIBUTION, ETC.
Place of publication, distribution, etc. Little, Brown,
Name of publisher, distributor, etc. Boston :
Date of publication, distribution, etc. 2009
300 ## - PHYSICAL DESCRIPTION
Extent 393 p. ;
650 ## - SUBJECT ADDED ENTRY--TOPICAL TERM
Topical term or geographic name entry element Fiction. English Literature Fiction.
9 (RLIN) 115826
942 ## - ADDED ENTRY ELEMENTS (KOHA)
Koha item type Book
Holdings
Withdrawn status Lost status Damaged status Not for loan Permanent Location Current Location Date acquired Total Checkouts Full call number Barcode Date last seen Price effective from Koha item type
        US-Pakistan Center for Advanced Studies in Energy (USPCAS-E) US-Pakistan Center for Advanced Studies in Energy (USPCAS-E) 09/02/2019   813.54 CON CAS-E0003899 09/12/2023 09/12/2023 Book
© 2023 Central Library, National University of Sciences and Technology. All Rights Reserved.